[Event "BL2-West 2122"]
[Site "Germany"]
[Date "2022.05.01"]
[Round "4.3"]
[White "Burg, Twan"]
[Black "Halvax, Georg"]
[Result "1/2-1/2"]
[WhiteElo "2507"]
[BlackElo "2404"]
[PlyCount "47"]
[EventDate "2022.03.05"]
[EventType "team-tourn"]
[EventRounds "10"]
[EventCountry "GER"]
[SourceTitle "EXT 2023"]
[Source "ChessBase"]
[SourceDate "2022.10.05"]
[SourceVersion "1"]
[SourceVersionDate "2022.10.05"]
[SourceQuality "1"]
[WhiteTeam "Remagen Sinzig"]
[BlackTeam "Solingen II"]
[WhiteTeamCountry "GER"]
[BlackTeamCountry "GER"]

1. e4 c5 2. Nf3 g6 3. c3 d5 4. e5 Nc6 5. d4 Bg4 6. Bb5 Qb6 7. Bxc6+ Qxc6 8. 0-0 Bg7 9. Re1 e6 10. dxc5 Bxf3 11. Qxf3 Qxc5 12. Nd2 Ne7 13. Qh3 Nc6 14. b4 Qb6 15. Nf3 a5 16. Be3 Qc7 17. Bc5 b6 18. Bd6 Qd7 19. b5 Ne7 20. c4 dxc4 21. Nd2 c3 22. Ne4 0-0 23. Qxc3 Rfc8 24. Qd4 1/2-1/2

[Event "AUT-chT 2122"]
[Site "Austria"]
[Date "2022.04.21"]
[Round "9.5"]
[White "Deglmann, Ludwig"]
[Black "Halvax, Georg"]
[Result "0-1"]
[WhiteElo "2246"]
[BlackElo "2394"]
[PlyCount "138"]
[EventDate "2021.11.04"]
[EventType "team-tourn"]
[EventRounds "11"]
[EventCountry "AUT"]
[SourceTitle "EXT 2023"]
[Source "ChessBase"]
[SourceDate "2022.10.05"]
[SourceVersion "1"]
[SourceVersionDate "2022.10.05"]
[SourceQuality "1"]
[WhiteTeam "Absam"]
[BlackTeam "Maria Saal"]
[WhiteTeamCountry "AUT"]
[BlackTeamCountry "AUT"]

1. d4 d5 2. c4 e6 3. Nc3 Nf6 4. cxd5 exd5 5. Bg5 c6 6. Qc2 Be7 7. e3 0-0 8. Bd3 Nbd7 9. Nge2 Re8 10. 0-0 Nf8 11. f3 c5 12. Qd2 Ne6 13. Bh4 a6 14. Bc2 b5 15. dxc5 Bxc5 16. Nd4 Nxd4 17. exd4 Be7 18. Bb3 Be6 19. Qd3 Qd7 20. g4 Rab8 21. Bg3 Bd6 22. Be5 Bxe5 23. dxe5 Qa7+ 24. Kh1 d4 25. Nxb5 Rxb5 26. exf6 Bxb3 27. axb3 Qb6 28. Rae1 Rd8 29. fxg7 Rxb3 30. Qf5 Rxb2 31. Re7 Qg6 32. Qe5 Rbb8 33. Rd1 Qc2 34. Re1 Qb3 35. Qf6 d3 36. R1e6 Qxe6 37. Rxe6 d2 38. Rd6 d1Q+ 39. Rxd1 Rxd1+ 40. Kg2 Ra8 41. g5 a5 42. h4 Re1 43. Qc6 Ree8 44. Qa4 Reb8 45. h5 Rb6 46. Kg3 Rd6 47. g6 hxg6 48. Qf4 Rd5 49. hxg6 fxg6 50. Qh6 Kf7 51. g8Q+ Rxg8 52. Qf4+ Rf5 53. Qc7+ Kf8 54. Qd8+ Kg7 55. Qd4+ Kh7 56. Qh4+ Rh5 57. Qe7+ Rg7 58. Qd8 Rf7 59. f4 Rhf5 60. Qa8 Kg7 61. Qa6 Rc7 62. Qa8 Rc3+ 63. Kg4 Rc4 64. Qb7+ Rf7 65. Qb2+ Kh7 66. Qh2+ Kg8 67. Kg5 Rcxf4 68. Qa2 R4f6 69. Qa4 Rf5+ 0-1

[Event "AUT-chT 2122"]
[Site "Austria"]
[Date "2022.03.25"]
[Round "6.4"]
[White "Halvax, Georg"]
[Black "Schneider Zinner, Harald"]
[Result "1/2-1/2"]
[WhiteElo "2394"]
[BlackElo "2371"]
[PlyCount "60"]
[EventDate "2021.11.04"]
[EventType "team-tourn"]
[EventRounds "11"]
[EventCountry "AUT"]
[SourceTitle "EXT 2023"]
[Source "ChessBase"]
[SourceDate "2022.10.05"]
[SourceVersion "1"]
[SourceVersionDate "2022.10.05"]
[SourceQuality "1"]
[WhiteTeam "Maria Saal"]
[BlackTeam "Wien Ottakring"]
[WhiteTeamCountry "AUT"]
[BlackTeamCountry "AUT"]

1. d4 d5 2. Nf3 Nf6 3. c4 e6 4. Nc3 c5 5. cxd5 exd5 6. g3 Nc6 7. Bg2 cxd4 8. Nxd4 Bc5 9. Nb3 Bb6 10. 0-0 d4 11. Nb5 0-0 12. Bf4 Nd5 13. Bd6 Nde7 14. Bxe7 Qxe7 15. N5xd4 Nxd4 16. Nxd4 Qb4 17. e3 Qxb2 18. Qd3 Qb4 19. a4 Rd8 20. Rfb1 Qd6 21. a5 Bxd4 22. exd4 Rb8 23. Ra4 b5 24. axb6 axb6 25. Rab4 g6 26. Qb3 Be6 27. d5 Bxd5 28. Bxd5 Qxd5 29. Qxd5 Rxd5 30. Rxb6 Rxb6 1/2-1/2

[Event "Titled Tuesday intern op 01st Feb-A"]
[Site "Chess.com INT"]
[Date "2022.02.01"]
[Round "2"]
[White "Halvax, Georg"]
[Black "Nesterov, Arseniy"]
[Result "1-0"]
[WhiteElo "2405"]
[BlackElo "2522"]
[PlyCount "107"]
[EventDate "2022.02.01"]
[EventType "swiss (blitz)"]
[EventRounds "11"]
[EventCountry "USA"]
[SourceTitle "CBM 206 Extra"]
[Source "ChessBase"]
[SourceDate "2022.03.31"]
[SourceVersion "1"]
[SourceVersionDate "2022.03.31"]
[SourceQuality "1"]

1. e4 e5 2. Nf3 Nc6 3. d4 exd4 4. Nxd4 Bb4+ 5. c3 Bc5 6. Nf5 Qf6 7. Be3 d6 8. Bxc5 dxc5 9. Ne3 Nge7 10. Nd2 Bd7 11. Qc2 0-0-0 12. Be2 h5 13. Nf3 g5 14. Rf1 g4 15. Nd2 Ne5 16. 0-0-0 Qg5 17. Kb1 h4 18. Ndc4 f6 19. f4 gxf3 20. gxf3 Qf4 21. Qb3 Qxh2 22. Na5 b6 23. Ba6+ Kb8 24. Nd5 Be6 25. f4 Nxd5 26. exd5 Bf5+ 27. Ka1 Bc2 28. Qb5 Bxd1 29. Nc6+ Ka8 30. Nxe5 Rd6 31. Nf7 Qc2 32. a3 c4 33. Qxc4 b5 34. Bxb5 Rb6 35. Nxh8 a6 36. Bc6+ Ka7 37. Qa2 Qd2 38. Qb1 Be2 39. Rc1 Bc4 40. Rc2 Qxf4 41. Qc1 Qg4 42. Nf7 h3 43. Nd8 Qc8 44. Ne6 Rxc6 45. dxc6 Qxe6 46. Qd1 Qxc6 47. Rc1 Be6 48. Qd4+ Kb7 49. Qxf6 Qc4 50. b3 Qxb3 51. Rb1 h2 52. Qh4 Ka7 53. Rxb3 Bd5 54. Qxh2 1-0